000 01099cam a22003135a 4500
005 20260322212014.0
008 data
010 _a 2007271288
020 _a9780394800011 (trade)
020 _a039480001X (trade)
020 _a9780394900018 (lib. bdg.)
020 _a0394900014 (lib. bdg.)
020 _a9780375973093
040 _aDLC
_cDLC
042 _alcac
050 0 0 _aPZ8.3.G276
_bCat 2007
082 0 0 _a[E]
_222
100 1 _aSeuss,
_cDr.
245 1 4 _aThe cat in the hat /
_cSeuss.
250 _a50th anniversary ed.
260 _aNew York :
_bRandom House,
_c2007.
300 _a61 p. :
_bcol. ill.
_c24 cm.
520 _aA zany but well-meaning cat brings a cheerful, exotic, and exuberant form of chaos to a household of two young children one rainy day while their mother is out.
650 1 _aStories in rhyme.
650 1 _aCats
_vFiction.
856 4 2 _3Contributor biographical information
_uhttp://www.loc.gov/catdir/enhancements/fy0709/2007271288-b.html
856 4 2 _3Publisher description
_uhttp://www.loc.gov/catdir/enhancements/fy0709/2007271288-d.html
001 data
999 _c295
_d295